Countries that Start with A - Alphabetical order - Statistics

General Stats
  • This quiz has been taken 56 times
  • The average score is 10 of 11
Answer Stats
Country % Correct
Afghanistan
95%
Albania
95%
Algeria
95%
Azerbaijan
95%
Angola
92%
Armenia
92%
Australia
92%
Austria
92%
Andorra
89%
Argentina
89%
Antigua and Barbuda
86%
No matching quizzes found
Score Distribution
Percent of People with Each Score
Percentile by Number Answered
Your Score History
You have not taken this quiz